Научно-фантастические фильмы - Армагеддон - Statistics

General Stats
  • This quiz has been taken 18 times
  • The average score is 5 of 25
Answers on the Grid
Answers color-coded by a green-red scale on the quiz's grid according to % correct below.
Неприятности с Гарри
Пятый элемент
Норт
Безумный Макс
Капитан Волконогов бежал
Терминатор
Газонокосильщик
Семь
Прирождённые убийцы
Магнолия
Тихоокеанский рубеж
Молодые львы
Чужие
Инопланетянин
1984
Муха
Идиократия
Сумерки
Леон
Бегущий по лезвию
Одиссея капитана Блада
Трон
Матрица
Блеск
Однажды в Америке
Сияние
Назад в будущее
Александр
Кин-дза-дза
Челюсти
Видеодром
Разрушитель
Кабельщик
Я - робот
Доля секунды
Кобра
Побег из Нью-Йорка
Анаконда
Космическая одиссея 2001 года
Мир на проводе
Обливион
Милые кости
Солярис
Крикуны
Город грехов
Пристрели их
Мстители
Побег из Лос-Анджелеса
Гражданин Кейн
Аватар
 
Answer Stats
Answer % Correct
Пятый элемент
83%
Терминатор
50%
Бегущий по лезвию
33%
Назад в будущее
33%
Космическая одиссея 2001 года
33%
Чужие
25%
Инопланетянин
25%
Трон
25%
Матрица
25%
Я - робот
25%
Аватар
25%
Газонокосильщик
17%
Тихоокеанский рубеж
17%
Муха
17%
Кин-дза-дза
17%
Разрушитель
17%
Обливион
17%
Солярис
17%
Мстители
17%
Побег из Нью-Йорка
8%
Идиократия
0%
Доля секунды
0%
Мир на проводе
0%
Крикуны
0%
Побег из Лос-Анджелеса
0%
No matching quizzes found
Score Distribution
Percent of People with Each Score
Percentile by Number Answered
Your Score History
You have not taken this quiz